000 00872nam a22001937a 4500
005 20250109110259.0
010 _aB-761599
020 _c250.00
_a9789392412073
035 _aB-761599
037 _bउपहार
082 _a821
_bसिंहर
100 _aसिंह , रामवीर
_976169
245 _aवेदना के गाँव /
_cरामवीर सिंह
260 _aदिल्ली
_bपंछी बुक्स
_c2023
270 _aएफ-19, रूम नं. 204, प्रथम तल, गली नं.4 पंचशील गार्डन, नवीन शाहदरा
_bदिल्ली
_e110032
300 _a128 पृ.
_c22 सेमी(सजिल्द)
942 _2ddc
_cHN
_h821
_mरामवी
999 _c208244
_d208244